WAS HUME AN ATHEIST? A RECONSIDERATION

Bibliographic Details
Main Author: Lee, Tai Ha (Author)
Format: Article
Language:Slovak
English

MARC

LEADER 00000nab a2200000 a 4500
001 vtls010705060
003 SK-MaSNL
005 20260304192547.0
008 250709s2011 xo |||||||||||||||||slo|
035 |a (urnnbn)urn:nbn:sk:snk:ar-a03z9n 
035 |a (uuid)5de5cd6d-f022-4c59-a3fd-d3dc33d404fc 
035 |a urn:nbn:sk:snk-ab39p2 
040 |a SNKBUCL  |b slo  |c SNKBUCL  |e AACR2 
041 0 |a eng 
044 |a xo  |c SK 
100 1 |a Lee, Tai Ha  |4 aut  |9 1525486 
245 1 0 |a WAS HUME AN ATHEIST? A RECONSIDERATION  |c Tai Ha Lee 
773 0 |t Filozofia  |g Roč. 66, č. 3 (2011), s. 240-257 
850 |a Slovenská národná knižnica 
852 |a Slovenská národná knižnica 
954 |a odborná, vedecká literatúra cudzojazyčná (svetová)  |2 lita 
954 |a odborná, vedecká literatúra pôvodná (slovenská)  |2 lita 
958 |a article1 
958 |a OND 
958 |a EUIPO 
999 |c 3062811  |d 3064741